000 00446nam a2200181Ia 4500
005 20240528050230.0
008 240331s9999 xx 000 0 und d
020 _a0333929098
082 _bWOM
_a338.9
245 0 _aWomen in development in South Asia
250 _a1 st
260 _aNew Delhi
_bMacmillan India limited
_c1989
300 _a337 p .,
650 _aSocial
650 _aEconomic
700 _aKanesalingam. v
_eedt
942 _cL
999 _c2780
_d2780